| 000 | 00390pab a2200145 454500 | ||
|---|---|---|---|
| 008 | 180718b2017 xxu||||| |||| 00| 0 eng d | ||
| 100 | _aKirmani, Nida | ||
| 245 | _aResistance and its limits: protesting urban violence in Lyari, Karachi | ||
| 260 | _c2017 | ||
| 300 | _ap.41-48. | ||
| 362 | _a18 Feb | ||
| 650 | _aViolence | ||
| 773 | _aEconomic and Political Weekly | ||
| 909 | _a113815 | ||
| 999 |
_c113809 _d113809 |
||